000 00576nam a22002177a 4500
005 20201019154139.0
008 201019b ||||| |||| 00| 0 eng d
020 _a9788186423516
040 _cCLNC
041 _deng
082 _a823.8
_bCAR
100 _aCarroll, Lewis
_eauthor
245 _aThrough the looking-glass and what Alice found there/
_cby Lewis Carroll
260 _aDelhi:
_bWorldview,
_c2018
300 _axxix, 188p.
650 _aEnglish novel
650 _aAlice
650 _aFantasy fiction
700 _aBose, Brinda
_eEditor
942 _2ddc
_cBK
999 _c11064
_d11064